00386nam a2200145Ia 4500008004100000020001500041041001200056082001600068100001900084245006600103260003900169300000800208650000800216700001600224221030s9999 xx 000 0 und d a0074633864 aEnglish a105.23bSal aS. Salivahanan 0aElectronic Devices & Circuitscby S. Salivahanan, N. S. Kumar bPearson EducationaNew Delhic2006 a705 aECE aN. S. Kumar